[Event "GER-chT U10"]
[Site "Magdeburg"]
[Date "2013.12.28"]
[Round "5.1"]
[White "Sulayev, Daniel"]
[Black "Giss, Alexander"]
[Result "1/2-1/2"]
[WhiteElo "1149"]
[BlackElo "1008"]
[PlyCount "96"]
[EventDate "2013.12.27"]
[EventType "team-swiss"]
[EventRounds "5"]
[EventCountry "GER"]
[SourceTitle "EXT 2015"]
[Source "ChessBase"]
[SourceDate "2014.11.20"]
[SourceVersion "1"]
[SourceVersionDate "2014.11.20"]
[SourceQuality "1"]
[WhiteTeam "Berlin Schachpinguine"]
[BlackTeam "Bremen Ost"]
[WhiteTeamCountry "GER"]
[BlackTeamCountry "GER"]

1. e4 e5 2. Nf3 Nc6 3. Bc4 Nf6 4. d4 Nxe4 5. dxe5 Bc5 6. 0-0 0-0 7. Bd3 d5 8. Nbd2 Bf5 9. c4 Re8 10. cxd5 Qxd5 11. Nxe4 Bxe4 12. Bxe4 Qxe4 13. Re1 Rad8 14. Qxd8 Qxe1+ 15. Nxe1 Rxd8 16. Bf4 Re8 17. Nf3 Bd4 18. g3 Bxe5 19. Re1 f6 20. Kg2 Kf7 21. Bxe5 Nxe5 22. Rc1 Nxf3 23. Kxf3 Rb8 24. Rxc7+ Kg6 25. Kf4 a6 26. g4 b5 27. h4 Rb6 28. Rd7 Rc6 29. Rd2 Rc4+ 30. Kg3 h5 31. f3 Kh6 32. b3 Rc5 33. a4 g5 34. Rd6 gxh4+ 35. Kxh4 hxg4 36. Kxg4 Kg6 37. Rxa6 bxa4 38. bxa4 Rc4+ 39. Kg3 Rc8 40. Ra7 Rg8 41. a5 Kf5+ 42. Kf2 Kf4 43. a6 Rg3 44. Ra8 Rxf3+ 45. Ke2 Ra3 46. a7 f5 47. Kd2 Kf3 48. Rf8 Rxa7 1/2-1/2

[Event "GER-ch U10"]
[Site "Oberhof"]
[Date "2012.06.01"]
[Round "10"]
[White "Silber, Fabian"]
[Black "Giss, Alexander"]
[Result "0-1"]
[WhiteElo "838"]
[BlackElo "877"]
[PlyCount "58"]
[EventDate "2012.05.27"]
[EventType "swiss"]
[EventRounds "11"]
[EventCountry "GER"]
[SourceTitle "CBM 148 Extra"]
[Source "ChessBase"]
[SourceDate "2012.06.22"]
[SourceVersion "1"]
[SourceVersionDate "2012.06.22"]
[SourceQuality "1"]

1. e4 e5 2. Nf3 Nc6 3. Bc4 Bc5 4. d3 h6 5. Nc3 Nf6 6. Nd5 d6 7. h3 0-0 8. Be3 Bb6 9. Qd2 Be6 10. 0-0-0 Ba5 11. Qe2 b6 12. a3 b5 13. Bxb5 Nb8 14. b4 Bb6 15. Qd2 c6 16. Bc4 cxd5 17. exd5 Bxd5 18. Bxd5 Nxd5 19. Bxh6 gxh6 20. Qxh6 Bxf2 21. Ng5 Be3+ 22. Kb2 Bxg5 23. Qh5 Qf6 24. h4 Bf4 25. Rdf1 e4+ 26. Kb3 Qc3+ 27. Ka4 Nb6+ 28. Ka5 Qxa3+ 29. Kb5 Qa4# 0-1

[Event "GER-ch U10"]
[Site "Oberhof"]
[Date "2012.05.30"]
[Round "7"]
[White "Giss, Alexander"]
[Black "Schumacher, Simon"]
[Result "1/2-1/2"]
[WhiteElo "877"]
[BlackElo "968"]
[PlyCount "58"]
[EventDate "2012.05.27"]
[EventType "swiss"]
[EventRounds "11"]
[EventCountry "GER"]
[SourceTitle "CBM 148 Extra"]
[Source "ChessBase"]
[SourceDate "2012.06.22"]
[SourceVersion "1"]
[SourceVersionDate "2012.06.22"]
[SourceQuality "1"]

1. e4 d5 2. exd5 Qxd5 3. Nc3 Qa5 4. d4 Nf6 5. Bd2 c6 6. Bd3 Qb6 7. b3 Qxd4 8. Nf3 Qb6 9. 0-0 Bg4 10. h3 Bxf3 11. Qxf3 e6 12. Na4 Qc7 13. Rfe1 Bd6 14. g3 Nbd7 15. Rad1 Ne5 16. Qe2 0-0 17. Bg5 Ned7 18. c4 c5 19. Nc3 h6 20. Bxf6 Nxf6 21. Ne4 Be7 22. Nxf6+ Bxf6 23. Qe4 g6 24. Qf3 Bg7 25. Be4 Rab8 26. Rd2 f5 27. Bb1 Qa5 28. Ree2 Rf7 29. Rd6 Qa3 1/2-1/2